El Chile de Víctor Jara

Saved in:
Bibliographic Details
Main Authors: Jurado, Omar (Author), Morales, Juan Miguel (Author)
Format: Book
Language:Spanish
Published: Santiago LOM 2003
Edition:1a. ed
Subjects:
Tags: Add Tag
No Tags, Be the first to tag this record!

MARC

LEADER 00000nam a2200000 a 4500
001 UCK3409
003 CL-VaPUC
008 050422e20030000CL |||||||||||||||||spa|d
020 |a 9562825744 
082 0 4 |a 781.6383  |b JUR  |2 21 
100 0 |a Jurado, Omar  |e author  |9 491499 
700 0 |a Morales, Juan Miguel  |e author  |9 491500 
245 1 3 |a El Chile de Víctor Jara 
250 |a 1a. ed 
300 |a 146 p 
942 |c BK 
945 |d 20050422 00:00:00  |a jcarroza 
260 |a Santiago  |b LOM  |c 2003 
600 0 |a Jara Martínez, Víctor Lidio  |d 1932-1973  |9 464382 
650 0 |a Compositores chilenos  |9 306644 
650 0 |a Biografías  |9 255210 
650 7 |a TESTIMONIOS  |2 CL-VaPUC  |9 491501 
651 7 |a CHILE  |2 CL-VaPUC  |9 491502 
583 |a last modification  |c 20050422 00:00:00  |k Rodrigo Vera 
999 |c 312609  |d 312607 
952 |0 0  |1 0  |4 0  |6 781_638300000000000_JUR_2003  |7 0  |8 A  |9 383151  |a BIBEDU  |b BIBEDU  |d 2019-11-21  |i 4114949  |o 781.6383 JUR 2003  |p 4114949  |r 2023-01-12  |w 2019-11-21  |y BK  |k MUS